La vendetta di una madre

Saved in:
Bibliografiske detaljer
Hovedforfatter: Vander Laenen, Jan
Format: Ukendt
Sprog:engelsk
Udgivet: Napoli NonSoloParole Edizioni 2006
Tags: Tilføj Tag
Ingen Tags, Vær først til at tagge denne postø!

MARC

LEADER 00000 a2200000 4500
005 20240717183754.0
008 240717b |||||||| |||| 00| 0 eng d
020 |a 9788888850375 
040 |c GP 
100 |a Vander Laenen, Jan 
245 |a La vendetta di una madre 
260 |a Napoli  |b NonSoloParole Edizioni  |c 2006 
942 |2 ddc  |c BK  |n 0 
952 |0 0  |1 0  |2 ddc  |4 0  |6 842_914000000000000_LAE  |7 1  |9 1633  |a RM  |b RM  |d 2024-07-17  |l 0  |o 842.914 LAE  |p 611  |r 2024-07-17 18:38:10  |w 2024-07-17  |y BK 
999 |c 1449  |d 1449